The Tourism Industry / An International Analysis (Record no. 2789)
[ view plain ]
| 000 -LEADER | |
|---|---|
| fixed length control field | 01555cam a22001934a 4500 |
| 005 - ΗΜΕΡΟΜΗΝΙΑ ΚΑΙ ΩΡΑ ΤΕΛΕΥΤΑΙΑΣ ΕΝΗΜΕΡΩΣΗΣ | |
| Πεδίο ελέγχου | 20250605164053.0 |
| 008 - FIXED-LENGTH DATA ELEMENTS--GENERAL INFORMATION | |
| Πεδίο ελέγχου σταθερού μήκους | 250528s ||||||||||||||||||||||||d |
| 035 ## - SYSTEM CONTROL NUMBER | |
| System control number | 17365 |
| 020 ## - ISBN | |
| ISBN | 851987184 |
| 040 ## - ΠΗΓΗ ΚΑΤΑΛΟΓΟΓΡΑΦΗΣΗΣ | |
| Φορέας πρωτότυπης καταλογογράφησης | MC Athens Campus Library |
| Γλώσσα καταλογογράφησης | Ελληνικά, Μοντέρνα (1453-) |
| Modifying agency | MC Athens Campus Library |
| Κανόνες περιγραφικής καταλογογράφησης | AACR2 |
| 245 1# - ΤΙΤΛΟΣ ΚΑΙ ΔΗΛΩΣΗ ΥΠΕΥΘΥΝΟΤΗΤΑΣ | |
| Τίτλος | The Tourism Industry / An International Analysis |
| 260 ## - PUBLICATION, DISTRIBUTION, ETC. | |
| Name of publisher, distributor, etc. | Cab International |
| -- | Sinclair Thea M, |
| Date of publication, distribution, etc. | 1993 |
| 300 ## - PHYSICAL DESCRIPTION | |
| Extent | 246 |
| 520 ## - SUMMARY, ETC. | |
| Summary, etc. | This book concentrates particularly on the internationalization of the tourism industry and the interaction between it, the consumer and destination areas. Acknowledgements, New Perspectives on the Tourism Industry, Modelling the Tourism Industry: A New Approach, Information Technology in Tourism: The Impact on the Industry and Supply of Holidays, Integration in the Tourism Industry: A Case Study Approach, Tour Operators' Strategies: A Cross-Country Comparison, Changing Styles of Sports Tourism: Industry/ Consumer Interactions in Canada and the USA and Europe, Products and Places and Promotion: Destination Images in the Analysis of the Tourism Industry, Guest-Host Perceptions of Rural Tourism in England and Portugal, Understanding Holiday Choices, The Tourism Industry and Foreign Exchange Lewak Ages in a Developing Country: The Distribution of Earnings from Safari and Beach Tourism in Kenya, Government and Industry and Community Interaction in Tourism Development in Mexico, Challenge and Change in East European Tourism: A Yugoslav Example, Index. |
| 700 1# - ΠΡΟΣΘΕΤΗ ΑΝΑΓΡΑΦΗ--ΦΥΣΙΚΟ ΠΡΟΣΩΠΟ | |
| Personal name | Stabler M.J |
| 9 (RLIN) | 3517 |
| 942 ## - ADDED ENTRY ELEMENTS (KOHA) | |
| Koha item type | Books |
| Τύπος τεκμηρίου | Βιβλιοθήκη | Τρέχουσα τοποθεσία | Barcode | Αριθμός εισαγωγής | Ημερομηνία απόκτησης | Ταξιθετικό σύμβολο | Αριθμός αντιτύπου | Κατάσταση απόσυρσης | Κατάσταση χαμένου | Κατάσταση κατεστραμμένου | Μη δανεισμός | Σύνολο δανεισμών | Ημερομηνία τελευταίας εμφάνισης | Η τιμή ισχύει από |
|---|---|---|---|---|---|---|---|---|---|---|---|---|---|---|
| Books | MC Athens Campus Library | MC Athens Campus Library | 9780000027887 | 1056 | 05/06/2025 | 338.4791 SIN | 1 | 05/06/2025 | 05/06/2025 |